00266nam a2200109Ia 4500100002200000654002100022245005500043260001700098082002100115300000800136546001200144 aGhoshal/Sumantra  aManaging radical aManaging Radical with Indian Companies Change bVikingc2000 a658.406bGHO/PIR a344 aENGLISH